|
|
|
|
| LEADER |
01109nam a2200265 a 4500 |
| 001 |
GR-Patra13977 |
| 008 |
950919s1995 gw b 001 b eng d |
| 020 |
|
|
|a 3540592849
|
| 040 |
|
|
|a GrPaTEI
|b gre
|c GR-PaULI
|
| 040 |
|
|
|a GrPaTEI
|b gre
|c GR-PaULI
|
| 082 |
|
0 |
|a 510.28553
|2 21
|
| 245 |
0 |
0 |
|a Experiments in mathematics using Maple /
|c C.T.J. Dodson, E.A. Gonzalez.
|
| 260 |
|
|
|a Berlin :
|b Springer,
|c c1995
|
| 300 |
|
|
|a xix, 465 σ. :
|b εικ.
|
| 504 |
|
|
|a Περιλαμβάνει βιβλιογραφικές παραπομπές (σ. [457]) και ευρετήριο.
|
| 630 |
|
|
|a Maple (Computer file)
|
| 650 |
|
0 |
|a Mathematics
|x Data processing
|
| 650 |
|
4 |
|a ΕΠΕΞΕΡΓΑΣΙΑ ΔΕΔΟΜΕΝΩΝ
|
| 650 |
|
4 |
|a Μαθηματικά
|
| 700 |
1 |
|
|a Dodson, C. T. J.
|
| 700 |
1 |
|
|a Gonzalez, E. A.
|q (Elizabeth A.),
|d 1970-
|
| 942 |
|
|
|2 ddc
|
| 952 |
|
|
|0 0
|1 0
|2 ddc
|4 0
|6 510_285530000000000_DOD
|7 0
|9 292982
|a LISK
|b LISK
|c BSC
|d 2021-01-17
|e 24
|f 0
|g 0.00
|l 0
|o 510.28553 DOD
|p 92410018475
|r 2021-01-17 00:00:00
|t 1
|w 2021-01-17
|y BK15
|x 20001115 0 1
|x GrPaTEI
|
| 971 |
|
|
|a .b26614923
|b 15-04-20
|c 23-09-16
|
| 999 |
|
|
|c 171264
|d 171264
|